00446 a2200109 450000500170000002000220001708200210003924501350006026000680019530000460026370000270030920250607122623.0 a978-9988-2-2066-2 aREF 060.96 ARC a4th Applied Research Conference in Africa 27-29 August 2015, Institute of Agricultural Research & Training Ibadan, Nigeria aNigeria,bApplied Research Coference in Africa (ARCA),c2016. axxi, 511p.: Ill.; figures & table.c28cm. aNANI, G . & ATEPOR, L.